Guess the Harry Potter Movies by Scene #39 - Statistics

General Stats
  • This quiz has been taken 109 times
  • The average score is 18 of 20
Answer Stats
Picture Answer % Correct
Prisoner of Azkaban
100%
Deathly Hallows – Part 2
95%
Goblet of Fire
95%
Goblet of Fire
95%
Half-Blood Prince
95%
Order of the Phoenix
95%
Order of the Phoenix
95%
Philosopher's Stone
95%
Prisoner of Azkaban
95%
Chamber of Secrets
90%
Deathly Hallows – Part 1
90%
Deathly Hallows – Part 2
90%
Deathly Hallows – Part 2
90%
Deathly Hallows – Part 2
90%
Goblet of Fire
90%
Order of the Phoenix
90%
Prisoner of Azkaban
90%
Deathly Hallows – Part 1
86%
Deathly Hallows – Part 1
86%
Prisoner of Azkaban
86%
No matching quizzes found
Score Distribution
Percent of People with Each Score
Percentile by Number Answered
Your Score History
You have not taken this quiz